[Event "FIN-chT 0910"]
[Site "Finland"]
[Date "2009.11.14"]
[Round "4.7"]
[White "Jarvinen, Rauno"]
[Black "Parkkinen, Jyrki"]
[Result "0-1"]
[WhiteElo "2067"]
[BlackElo "2210"]
[PlyCount "68"]
[EventDate "2009.09.19"]
[EventType "team-tourn"]
[EventRounds "9"]
[EventCountry "FIN"]
[SourceTitle "EXT 2022"]
[Source "ChessBase"]
[SourceDate "2021.10.06"]
[SourceVersion "1"]
[SourceVersionDate "2021.10.06"]
[SourceQuality "1"]
[WhiteTeam "Sastamala VammSK"]
[BlackTeam "Helsinki HSK"]
[WhiteTeamCountry "FIN"]
[BlackTeamCountry "FIN"]

1. Nc3 d5 2. e4 dxe4 3. Nxe4 Nf6 4. Nxf6+ exf6 5. d4 Bd6 6. Bd3 0-0 7. Qh5 g6 8. Qf3 c5 9. dxc5 Bxc5 10. Bf4 Nc6 11. Ne2 Ne5 12. Bxe5 fxe5 13. 0-0 Kg7 14. Rad1 Qc7 15. Nc3 f5 16. Qd5 Rd8 17. Qc4 e4 18. Be2 Rxd1 19. Rxd1 Bd6 20. Qd5 Bxh2+ 21. Kh1 Qe5 22. Qd8 Bf4 23. Bc4 b5 24. Bb3 Qf6 25. g3 Qxd8 26. Rxd8 Bc7 27. Rg8+ Kh6 28. Nxb5 Bb7 29. Kg1 Rxg8 30. Bxg8 Bb8 31. b4 a6 32. Nd4 Kg7 33. Bc4 Kf6 34. Kf1 Ke5 0-1

[Event "Helsinki Pirttimaki Memorial-A 4th"]
[Site "Helsinki"]
[Date "2009.??.??"]
[Round "7"]
[White "Jarvinen, Rauno"]
[Black "Ebeling, Daniel"]
[Result "1-0"]
[WhiteElo "2025"]
[BlackElo "1795"]
[PlyCount "91"]
[EventDate "2009.??.??"]
[EventType "swiss"]
[EventRounds "7"]
[EventCountry "FIN"]
[SourceTitle "EXT 2011"]
[Source "ChessBase"]
[SourceDate "2010.11.26"]
[SourceVersion "1"]
[SourceVersionDate "2010.11.26"]
[SourceQuality "1"]

1. Nc3 Nf6 2. e4 d5 3. e5 d4 4. exf6 dxc3 5. fxg7 cxd2+ 6. Qxd2 Qxd2+ 7. Bxd2 Bxg7 8. 0-0-0 Bg4 9. Ne2 Nc6 10. h3 Bd7 11. Bc3 Bxc3 12. Nxc3 Rg8 13. Nd5 0-0-0 14. Bb5 Rge8 15. Rhe1 Be6 16. Bxc6 bxc6 17. Ne3 Rxd1+ 18. Rxd1 Rd8 19. Rxd8+ Kxd8 20. Kd2 Kd7 21. Kd3 Kd6 22. f4 f6 23. a3 c5 24. Ke4 Bf7 25. f5 a6 26. h4 Kc6 27. g3 Kd6 28. c4 Be8 29. b3 a5 30. a4 Bc6+ 31. Kf4 Be8 32. Nd5 Bc6 33. Nc3 h6 34. g4 Bb7 35. Ne4+ Bxe4 36. Kxe4 e5 37. fxe6 Kxe6 38. Kf4 c6 39. Ke4 Ke7 40. Kf5 Kf7 41. h5 Ke7 42. Kg6 Ke6 43. Kxh6 Kf7 44. Kh7 f5 45. gxf5 Kf6 46. Kg8 1-0

[Event "Lahti We LahS"]
[Site "Lahti"]
[Date "2009.??.??"]
[Round "4"]
[White "Jarvinen, Rauno"]
[Black "Hagelberg, Lauri"]
[Result "1-0"]
[WhiteElo "2025"]
[BlackElo "1965"]
[PlyCount "91"]
[EventDate "2009.??.??"]
[EventType "swiss"]
[EventRounds "5"]
[EventCountry "FIN"]
[SourceTitle "EXT 2022"]
[Source "ChessBase"]
[SourceDate "2021.10.06"]
[SourceVersion "1"]
[SourceVersionDate "2021.10.06"]
[SourceQuality "1"]

1. c4 d6 2. g3 e5 3. Bg2 f5 4. Nc3 Nf6 5. e3 Be7 6. Nge2 0-0 7. 0-0 c6 8. a3 Qe8 9. d3 Qh5 10. f4 Na6 11. b4 Bd7 12. Qc2 Kh8 13. Nd1 Rae8 14. Bb2 Bd8 15. c5 Bc7 16. Nf2 dxc5 17. bxc5 Nd5 18. Nd1 Rf6 19. e4 Nxc5 20. Bf3 Qh6 21. exd5 Bb6 22. d4 Ne4 23. Nf2 cxd5 24. fxe5 Rg6 25. Nf4 Qxf4 26. Nxe4 fxe4 27. Bh5 Qe3+ 28. Qf2 Qxf2+ 29. Rxf2 Be6 30. Rc1 Rd8 31. Bxg6 hxg6 32. Rf4 g5 33. Rf2 Kh7 34. Kg2 Kg6 35. h3 Rh8 36. g4 Bd7 37. Kg3 Bb5 38. Rf5 e3 39. e6 Re8 40. Rxd5 Bc6 41. Rf5 Rxe6 42. d5 Bxd5 43. Rxd5 e2 44. Re1 Re3+ 45. Kg2 Re6 46. Re5 1-0